000 00335nam a2200145Ia 4500
008 240624s9999 xx 000 0 und d
041 _aeng
082 _a658.8 KER
100 _aKERRIGAN FINOLA
245 _aFILM MARKETING
250 _a(2nd ed.)
260 _c2017
_aNew Delhi
_bRoutledge
300 _a188 : p.
365 _cBPS
_b31
999 _c28694
_d28694